000 00253nam a2200109Ia 4500
008 230907s9999||||xx |||||||||||||| ||und||
082 _a620
_bPAS
245 0 _aAxial fan design :
260 _aVDM,
_bDeutchland :
_c2009
300 _a124 p.
942 _cBK
999 _c601189
_d601189